Tribhuvan University Central Library

Better English for schools: (Record no. 112779)

MARC details
000 -LEADER
fixed length control field 00404nam a22001457a 4500
008 - FIXED-LENGTH DATA ELEMENTS--GENERAL INFORMATION
fixed length control field 240421b |||||||| |||| 00| 0 eng d
020 ## - INTERNATIONAL STANDARD BOOK NUMBER
International Standard Book Number 9994650343
082 ## - DEWEY DECIMAL CLASSIFICATION NUMBER
Classification number 420
Item number St72e
100 ## - MAIN ENTRY--PERSONAL NAME
Personal name Stone, Christine
245 ## - TITLE STATEMENT
Title Better English for schools:
Remainder of title Coursebook 7
260 ## - PUBLICATION, DISTRIBUTION, ETC.
Place of publication, distribution, etc. Kathmandu:
Name of publisher, distributor, etc. Koselee Prakashan,
Date of publication, distribution, etc. 2006.
300 ## - PHYSICAL DESCRIPTION
Extent 187p.; ill.
650 ## - SUBJECT ADDED ENTRY--TOPICAL TERM
Topical term or geographic name entry element English languages
9 (RLIN) 13909
942 ## - ADDED ENTRY ELEMENTS (KOHA)
Source of classification or shelving scheme Dewey Decimal Classification
Koha item type ISBN
Holdings
Withdrawn status Lost status Source of classification or shelving scheme Damaged status Not for loan Home library Current library Date acquired Total Checkouts Full call number Barcode Date last seen Price effective from Koha item type
    Dewey Decimal Classification     Tribhuvan University Central Library Tribhuvan University Central Library 04/21/2024   420 St72e IS19025 04/21/2024 04/21/2024 ISBN